| 000 | 01766nam a2200265 4500 | ||
|---|---|---|---|
| 005 | 20260408100118.0 | ||
| 008 | 260408b |||||||| |||| 00| 0 eng d | ||
| 020 | _a9789385880520 | ||
| 040 | _cAL | ||
| 041 | _aeng | ||
| 082 |
_a670.427 _bRAJI |
||
| 100 |
_aPadma Raju K _9260654 |
||
| 245 | _aInstrumentation and control systems | ||
| 260 |
_aNew Delhi _bMcGraw Hill Education India Pvt Ltd _c2016 |
||
| 300 |
_axxvi,605p _bPB _c24x18cm |
||
| 365 |
_2Electronics and Communication Engineering _aVBI-2645 _b₹382.50 _c₹ _d₹510.00 _e25% _f20-02-2026 |
||
| 520 | _aThis textbook is designed for students of different engineering streams (Electrical and Electronics Engineering, Electronics and Instrumentation Engineering, Instrumentation and Control Engineering, Applied Electronics and Instrumentation, Instrumentation Engineering, Mechanical Engineering and Chemical Engineering) offered in technical universities all over India. In this edition, author has explained common industrial processes and applications along with emphasizing on major scientific ideologies with help of exhaustive illustrations and explanatory examples. Fundamental topics of instrumentation—temperature, pressure, level, flow, control valves, controllers, and digital communication systems—have been covered extensively describing all the concepts and measuring instruments involved. Two major aspects of instrumentation industry are the installation procedures and safety measures involved, both of which have been highlighted as applicable in this scope of text. | ||
| 650 |
_aTemperature _9260643 |
||
| 650 |
_aPressure _9260644 |
||
| 650 |
_aLevel _9260645 |
||
| 650 |
_aFlow _9260646 |
||
| 650 |
_aSCADA _9260647 |
||
| 700 |
_aReddy, Y J _9260655 |
||
| 942 |
_2ddc _cBK |
||
| 999 |
_c241175 _d241175 |
||